Регионална библиотека "Любен Каравелов" - Русе

Любовта е "целувка на дама" (Запис номер 199286)

MARC детайли
000 -Лидер
Контролно поле с фиксирана дължина 01525nam a2200373 c 4500
003 - Код на организацията, давaща контролен номер
Контролно поле BLK
005 - Дата и час на последна редакция
Контролно поле 20220503110828.0
008 - Елементи от данни с фиксирана дължина
fixed length control field 180411b bul|||||r ||||||| ||bul||
010 ## - Наследен системен номер
LC control number KNG00208663000
020 ## - Международен стандартен номер на книга ISBN
Международен стандартен номер на книга ISBN 978-954-27-2031-7
-- издат.: Егмонт България
040 ## - Източник на каталожния запис
Идентификатор на билиотеката - собственик на записа BLK
041 ## - Код за език
Код за езика на текст/звукозапис или на отделно заглавие Български
Код за езика КДБФ Български
072 #7 - Код за тематичната категория
Код организация bullib
Код за тематична категория Н8300
Текст Романтична проза Н
080 ## - УДК
Текстов определител УДК Италианска литература
УДК код - определител по УДК 821.131.1
УДК определител -31
УДК - код + определител 821.131.1-31
100 1# - Редна дума - Автор
Автор Флумери, Елизабета
Авторска отговорност първи автор
R(LIN) 134468
139 ## - Редно поле
Редна дума Флумери, Елизабета и др.
Авторски знак Флот - Ф 65
245 10 - Сведения за заглавието
Заглавие Любовта е "целувка на дама"
Подзаглавни данни Роман
Редно поле (дума) Елизабета Флумери; съавт. Габриела Джакомети; прев. от итал. Весела Лулова Цалова.
257 ## - Страна на издаване
Страна на създаване/издаване Италия
260 ## - Област на издателските данни
-- София
Име на издателя, разпространителя и проч. Егмонт България
Година на издаване 2017
300 ## - Физическа характеристика
Страници 328 с.
Размери/Мащаб 21 см
380 ## - Жанр
Жанр Худож. лит.
490 1# - СЕРИИ (Колекции)
Име на серия Уо
500 ## - Общи забележки
Забележка Ориг. загл. L'amore e un vacio di dama. - 1 500 тир.
653 ## - Ключова дума – ненормативна
Ключова дума романтична проза
653 ## - Ключова дума – ненормативна
Ключова дума романи
659 ## - Тематичен бюлетин
Тематичен бюлетин Н
700 1# - Други автори (авторска отговорност)
Лично име Джакомети, Габриела
Автороска отговорност (Описва отношението между автора и произведението) съавт.
9 (RLIN) 348617
700 1# - Други автори (авторска отговорност)
Лично име Цалова, Весела Лулова
Автороска отговорност (Описва отношението между автора и произведението) прев. от итал.
9 (RLIN) 367540
852 ## - Местоположение
Форматна сигнатура Цб 286280
856 4# - Електронен адрес и достъп
Електронен формат pdf - файл
Път до файла /url/
856 4# - Електронен адрес и достъп
Електронен формат pdf - файл
Път до файла /url/
942 ## - АРТИКУЛИ
Вид на библиотечния материал Книги
Скрит в OPAC Не
Koha issues (borrowed), all copies 10
944 ## - СЪЗДАВАНЕ И РЕДАКЦИЯ на ЗАПИСА
Създаване/Редакция Създаване
Дата на регистрацията/редакция 28.06.2017
Статус, дата на статуса ф /
Служител, извършил регистрацията/редакцията Виолета_Тройчева
944 ## - СЪЗДАВАНЕ И РЕДАКЦИЯ на ЗАПИСА
Създаване/Редакция Редакция
Дата на регистрацията/редакция 17.11.2017
Статус, дата на статуса ф /
Служител, извършил регистрацията/редакцията Пенка_Димитрова
999 ## - СИСТЕМНИ КОНТРОЛНИ НОМЕРА
Koha biblionumber 199286
Koha biblioitemnumber 199286
Наличности
Код за отписване Код за изгубен артикул Източник на класификационната схема Код за повреда Коз за рестрикции Код за отдаване Артикулен № Име на библиотеката - собственик Име на библиотеката, в която се намира в момента Статус (Текущо местоположение) Дата на вписване в системата Местоположение - отдел Цена в лева Инвентарен номер Систематично азбучна сигнатура Баркод Номер на екземпляра Цена в евро Служебна бележка Служебен тип на артикула
  Не е изгубен Universal Decimal Classification Не е повреден без рестрикции заемане за дома 346174 Регионална библиотека "Любен Каравелов" Русе Регионална библиотека "Любен Каравелов" Русе Заемна - подръчен фонд 2017-06-28 Заемна - подръчен фонд 11.63 120000812881 П 850-31/Ф 65 120000812881 1 5.95 Дост: Pk Вид: Ф N: 854 Дата: 25.06.2017 Дата инв: 20.02.2018 Бележки инв: П2018 Книги
  Не е изгубен   Не е повреден без рестрикции ползва се в читалня 346175 Регионална библиотека "Любен Каравелов" Русе Регионална библиотека "Любен Каравелов" Русе Хранилище 2017-11-16 Хранилище 14.90 120000816826 Цб 286280 120000816826 2 7.62 Дост: Dp Вид: Д N: 41 Дата: 13.09.2017 Книги
Vip Innovations Ltd, Rousse, Bulgaria 2025